[Event "Mittelrhein Verbandsliga Sued 1920"]
[Site "Mittelrhein"]
[Date "2020.01.19"]
[Round "5.5"]
[White "Weber, Olaf"]
[Black "Wambach, Patrick"]
[Result "1/2-1/2"]
[WhiteElo "1840"]
[BlackElo "1990"]
[PlyCount "61"]
[EventDate "2019.09.29"]
[EventType "team-tourn"]
[EventRounds "9"]
[EventCountry "GER"]
[SourceTitle "EXT 2023"]
[Source "ChessBase"]
[SourceDate "2022.10.05"]
[SourceVersion "1"]
[SourceVersionDate "2022.10.05"]
[SourceQuality "1"]
[WhiteTeam "Lohmar"]
[BlackTeam "Siebengebirge"]
[WhiteTeamCountry "GER"]
[BlackTeamCountry "GER"]

1. d4 d6 2. c4 Nf6 3. Nf3 g6 4. g3 Bg7 5. Bg2 0-0 6. 0-0 c6 7. Nc3 Bg4 8. h3 Bxf3 9. Bxf3 Nbd7 10. e4 Qc7 11. Qe2 e5 12. d5 cxd5 13. cxd5 a6 14. Be3 Rac8 15. Rfc1 Qb8 16. Rc2 Rc7 17. Rac1 Rfc8 18. Bg2 b5 19. Nd1 Rxc2 20. Rxc2 Rc7 21. Qd2 Qc8 22. Rxc7 Qxc7 23. Qc3 Qxc3 24. Nxc3 Kf8 25. b4 Ne8 26. g4 Ke7 27. a4 bxa4 28. Nxa4 Nc7 29. Bf1 f5 30. f3 h6 31. Bd3 1/2-1/2

[Event "Mittelrhein Verbandsliga-S 17/18"]
[Site "Nordrheinwestfalen"]
[Date "2018.02.25"]
[Round "8.4"]
[White "Schwartz, Dirk"]
[Black "Weber, Olaf"]
[Result "1-0"]
[WhiteElo "1902"]
[BlackElo "1820"]
[PlyCount "85"]
[EventDate "2017.09.10"]
[EventType "team-tourn"]
[EventRounds "11"]
[EventCountry "GER"]
[SourceTitle "EXT 2022"]
[Source "ChessBase"]
[SourceDate "2021.10.06"]
[SourceVersion "1"]
[SourceVersionDate "2021.10.06"]
[SourceQuality "1"]
[WhiteTeam "Rheinbacher SF"]
[BlackTeam "Lohmar"]
[WhiteTeamCountry "GER"]
[BlackTeamCountry "GER"]

1. c4 Nf6 2. g3 g6 3. Bg2 Bg7 4. Nc3 0-0 5. d3 d6 6. Rb1 c5 7. b4 cxb4 8. Rxb4 Nc6 9. Rb1 Nd7 10. Bd2 Nc5 11. Nf3 Bd7 12. 0-0 Rb8 13. Qc2 Qc8 14. Rfc1 Bg4 15. Be3 Ne6 16. Qd2 Ned4 17. Nxd4 Bxd4 18. Bxc6 Bxe3 19. Qxe3 Qxc6 20. Qxe7 Rfe8 21. Nd5 Qxd5 22. Qxe8+ Rxe8 23. cxd5 Rxe2 24. Rxb7 Rxa2 25. Kg2 g5 26. Rcc7 Bh5 27. Rxa7 Rd2 28. Rc3 Bg6 29. Raa3 Kg7 30. Kf3 Kf6 31. Rc1 Rxd3+ 32. Rxd3 Bxd3 33. Ke3 Bg6 34. Kd4 Bf5 35. Re1 h5 36. f3 g4 37. f4 Bd7 38. Re3 Bf5 39. Kc4 Bd7 40. Re1 Bf5 41. Kb5 Bd7+ 42. Kb6 Ba4 43. Kc7 1-0

[Event "Mittelrhein Verbandsliga-S 17/18"]
[Site "Nordrheinwestfalen"]
[Date "2018.01.14"]
[Round "6.4"]
[White "Schniggenberg, Gerd"]
[Black "Weber, Olaf"]
[Result "0-1"]
[WhiteElo "1911"]
[BlackElo "1820"]
[PlyCount "176"]
[EventDate "2017.09.10"]
[EventType "team-tourn"]
[EventRounds "11"]
[EventCountry "GER"]
[SourceTitle "EXT 2022"]
[Source "ChessBase"]
[SourceDate "2021.10.06"]
[SourceVersion "1"]
[SourceVersionDate "2021.10.06"]
[SourceQuality "1"]
[WhiteTeam "Godesberg III"]
[BlackTeam "Lohmar"]
[WhiteTeamCountry "GER"]
[BlackTeamCountry "GER"]

1. e4 e6 2. d4 d5 3. e5 c5 4. c3 Qb6 5. Nf3 Nc6 6. a3 Nh6 7. b4 cxd4 8. cxd4 Nf5 9. Bb2 Bd7 10. g4 Nfe7 11. Nc3 Ng6 12. Na4 Qd8 13. Rc1 Be7 14. Nc5 Bxc5 15. Rxc5 Rc8 16. h4 h5 17. g5 Nce7 18. Qc1 0-0 19. Rxc8 Qxc8 20. Bd3 Qxc1+ 21. Bxc1 Rc8 22. Bd2 a6 23. Ke2 Bb5 24. Ra1 Bxd3+ 25. Kxd3 Nf5 26. Be3 Ngxh4 27. Nxh4 Nxh4 28. Rh1 Nf5 29. Rxh5 Nxe3 30. fxe3 Rc1 31. Rh3 Ra1 32. Kc3 Rxa3+ 33. Kb2 Ra4 34. Kb3 Ra1 35. Rh2 Re1 36. Rh3 Rg1 37. Ka4 Ra1+ 38. Kb3 Rg1 39. Ka4 b5+ 40. Ka5 Ra1+ 41. Kb6 Rb1 42. Ka5 Rb3 43. Rf3 Ra3+ 44. Kb6 Ra4 45. Rh3 Rxb4 46. Kxa6 Rb1 47. Ka5 Rg1 48. Kxb5 Rxg5 49. Kb4 Rf5 50. Kc3 g5 51. Kd3 Kg7 52. Ke2 Kg6 53. Rh8 g4 54. Rg8+ Kh5 55. Rh8+ Kg5 56. Rh7 g3 57. Rh8 Rf2+ 58. Ke1 Kg4 59. Rh7 Rf5 60. Ke2 Rf2+ 61. Ke1 Kf3 62. Rxf7+ Kxe3 63. Rg7 Kxd4 64. Rxg3 Rf5 65. Rg6 Rxe5+ 66. Kd2 Re4 67. Rh6 e5 68. Ra6 Kc5 69. Ra5+ Kc6 70. Ra6+ Kb5 71. Ra8 d4 72. Rc8 Re3 73. Rd8 Kc4 74. Re8 Kd5 75. Rd8+ Ke4 76. Rh8 Rf3 77. Rh4+ Rf4 78. Rh2 Kd5 79. Rh8 e4 80. Rd8+ Ke5 81. Re8+ Kf5 82. Rd8 d3 83. Rd5+ Ke6 84. Rd8 Rf2+ 85. Kd1 Ke5 86. Rh8 e3 87. Ke1 d2+ 88. Kd1 Rf1+ 0-1

[Event "Mittelrhein Verbandsliga-S 17/18"]
[Site "Nordrheinwestfalen"]
[Date "2017.11.12"]
[Round "4.5"]
[White "Weber, Olaf"]
[Black "Neese, Hans Joachim"]
[Result "1/2-1/2"]
[WhiteElo "1838"]
[BlackElo "2043"]
[PlyCount "116"]
[EventDate "2017.09.10"]
[EventType "team-tourn"]
[EventRounds "11"]
[EventCountry "GER"]
[SourceTitle "EXT 2022"]
[Source "ChessBase"]
[SourceDate "2021.10.06"]
[SourceVersion "1"]
[SourceVersionDate "2021.10.06"]
[SourceQuality "1"]
[WhiteTeam "Lohmar"]
[BlackTeam "Hennef"]
[WhiteTeamCountry "GER"]
[BlackTeamCountry "GER"]

1. d4 Nf6 2. Bg5 e6 3. e4 h6 4. Bxf6 Qxf6 5. c3 b6 6. Bd3 Bb7 7. Ne2 d6 8. 0-0 Nd7 9. Nd2 g6 10. f4 Bg7 11. f5 e5 12. fxg6 Qxg6 13. Rf3 0-0-0 14. Qa4 Kb8 15. Rg3 Qh7 16. Rf1 Rhf8 17. Rgf3 Bh8 18. Qb3 f6 19. Ng3 Rg8 20. Nf5 Rg6 21. Bc4 Rf8 22. Be6 h5 23. Qa4 Rd8 24. Rh3 Nf8 25. Bc4 Rg5 26. d5 Ng6 27. Rg3 h4 28. Rxg5 fxg5 29. Be2 Nf4 30. Bg4 Bf6 31. Rf3 Rf8 32. c4 Ne2+ 33. Kf2 Nd4 34. Nxd4 exd4 35. Kg1 Qe7 36. Qd7 Qxd7 37. Bxd7 d3 38. Rxd3 Bxb2 39. Nf3 Bf6 40. Bf5 Ba6 41. Nd2 Be5 42. Bd7 Rf7 43. Bb5 Bc8 44. Rf3 Rf6 45. Rxf6 Bxf6 46. Kf2 g4 47. Ke3 Bg5+ 48. Kd3 Bf4 49. Nf1 g3 50. hxg3 hxg3 51. Be8 Bh3 52. Nxg3 Bxg2 53. Ne2 Bf1 54. Bh5 Kb7 55. Kc2 Be5 56. Kb3 c5 57. Nc3 a6 58. a4 Kc7 1/2-1/2

[Event "Mittelrhein Verbandsliga-O 15/16"]
[Site "Nordrheinwestfalen"]
[Date "2016.02.21"]
[Round "8"]
[White "Kinnert, Dieter"]
[Black "Weber, Olaf"]
[Result "0-1"]
[WhiteElo "1780"]
[BlackElo "1863"]
[PlyCount "89"]
[EventDate "2015.09.06"]
[EventType "team-tourn"]
[EventRounds "11"]
[EventCountry "GER"]
[SourceTitle "EXT 2022"]
[Source "ChessBase"]
[SourceDate "2021.10.06"]
[SourceVersion "1"]
[SourceVersionDate "2021.10.06"]
[SourceQuality "1"]
[WhiteTeam "Troisdorf"]
[BlackTeam "Lohmar"]
[WhiteTeamCountry "GER"]
[BlackTeamCountry "GER"]

1. b4 Nf6 2. Bb2 g6 3. c4 Bg7 4. e3 0-0 5. Nc3 d6 6. Nf3 e5 7. Be2 c6 8. a4 Na6 9. Ba3 Re8 10. 0-0 Nc7 11. Rc1 Bf5 12. d3 d5 13. c5 Bg4 14. d4 exd4 15. Nxd4 Bxe2 16. Ncxe2 Ng4 17. Qb3 Ne6 18. Bb2 Qc7 19. Nf3 Ng5 20. Ng3 Nxf3+ 21. gxf3 Bxb2 22. Qxb2 Ne5 23. Qe2 Qd7 24. f4 Nc4 25. Rfd1 Qh3 26. Qf1 Qxf1+ 27. Kxf1 h5 28. Ne2 Re7 29. Nd4 Nb2 30. Rd2 Nc4 31. Ra2 a6 32. Re2 Kh7 33. h4 f6 34. Kg2 Rg8 35. Kh2 Re4 36. Kh3 g5 37. hxg5 fxg5 38. fxg5 Rxg5 39. Nf3 Rgg4 40. Rg1 Rxg1 41. Nxg1 Ne5 42. f4 Nd3 43. Nf3 Nxf4+ 44. Kh2 Nxe2 45. Ng5+ 0-1

[Event "Mittelrhein Verbandsliga Ost 1415"]
[Site "Mittelrhein"]
[Date "2015.03.15"]
[Round "9.7"]
[White "Weber, Olaf"]
[Black "Gassmann, Peter"]
[Result "1/2-1/2"]
[WhiteElo "1860"]
[BlackElo "1883"]
[PlyCount "60"]
[EventDate "2014.09.07"]
[EventType "team-tourn"]
[EventRounds "11"]
[EventCountry "GER"]
[SourceTitle "EXT 2023"]
[Source "ChessBase"]
[SourceDate "2022.10.05"]
[SourceVersion "1"]
[SourceVersionDate "2022.10.05"]
[SourceQuality "1"]
[WhiteTeam "Lohmar"]
[BlackTeam "Siegburg"]
[WhiteTeamCountry "GER"]
[BlackTeamCountry "GER"]

1. d4 f5 2. c4 Nf6 3. Nf3 e6 4. g3 b6 5. Bg2 Bb7 6. 0-0 Be7 7. Nc3 0-0 8. b3 Ne4 9. Bb2 Bf6 10. e3 d6 11. Nd2 Nxc3 12. Bxc3 Bxg2 13. Kxg2 Nc6 14. Qc2 Qe8 15. Nf3 Qg6 16. b4 Rae8 17. Qa4 Nd8 18. Qxa7 e5 19. Qa4 f4 20. exf4 Qd3 21. Qb3 exf4 22. Bd2 Qg6 23. Rae1 fxg3 24. hxg3 Nc6 25. c5+ Kh8 26. Qd5 Ne7 27. Qe4 Nf5 28. Qd5 Ne7 29. Qe4 Nf5 30. Qd5 Ne7 1/2-1/2

[Event "Troisdorf op"]
[Site "Troisdorf"]
[Date "2014.11.18"]
[Round "5"]
[White "Margenberg, Volker"]
[Black "Weber, Olaf"]
[Result "0-1"]
[WhiteElo "1912"]
[BlackElo "1819"]
[PlyCount "92"]
[EventDate "2014.10.21"]
[EventType "swiss"]
[EventRounds "7"]
[EventCountry "GER"]
[SourceTitle "EXT 2016"]
[Source "ChessBase"]
[SourceDate "2015.10.08"]
[SourceVersion "1"]
[SourceVersionDate "2015.10.08"]
[SourceQuality "1"]

1. d4 Nf6 2. Nf3 g6 3. c4 Bg7 4. Nc3 0-0 5. e4 d6 6. Be2 e5 7. 0-0 Nc6 8. d5 Ne7 9. Be3 Nd7 10. Nd2 f5 11. f3 f4 12. Bf2 g5 13. b4 Nf6 14. Rc1 Ng6 15. c5 Rf7 16. cxd6 cxd6 17. Nc4 Bf8 18. a4 h5 19. b5 g4 20. Qe1 Nh7 21. a5 Ng5 22. b6 a6 23. fxg4 hxg4 24. Nd2 f3 25. gxf3 gxf3 26. Bd1 Bh3 27. Be3 Bxf1 28. Qxf1 Nh4 29. Kh1 Qf6 30. Qf2 Rh7 31. Qg3 Rh5 32. Qg4 Ng2 33. Bf2 Qf4 34. Qxf4 Nxf4 35. Bc2 Rc8 36. Ndb1 Ngh3 37. Bg3 Be7 38. Rf1 Ne2 39. Be1 Nd4 40. Ba4 Rf8 41. Bd7 Ng5 42. Bf2 Ne2 43. Bg4 Rh7 44. Be3 Ng3+ 45. Kg1 Nxf1 46. Kxf1 Rxh2 0-1

[Event "Troisdorf op"]
[Site "Troisdorf"]
[Date "2014.11.04"]
[Round "3"]
[White "Weber, Olaf"]
[Black "Gerhards, Bernd"]
[Result "1-0"]
[WhiteElo "1819"]
[BlackElo "1789"]
[PlyCount "71"]
[EventDate "2014.10.21"]
[EventType "swiss"]
[EventRounds "7"]
[EventCountry "GER"]
[SourceTitle "EXT 2016"]
[Source "ChessBase"]
[SourceDate "2015.10.08"]
[SourceVersion "1"]
[SourceVersionDate "2015.10.08"]
[SourceQuality "1"]

1. d4 d5 2. c4 c6 3. Nf3 e6 4. e3 f5 5. b3 Nf6 6. Bb2 Bd6 7. Bd3 0-0 8. 0-0 Ne4 9. Ne5 Nd7 10. f3 Ng5 11. Nd2 Nxe5 12. dxe5 Bc5 13. Bd4 Qb6 14. Bxc5 Qxc5 15. Qe2 f4 16. Rfe1 Bd7 17. Qf2 fxe3 18. Qxe3 Qxe3+ 19. Rxe3 Rf4 20. g3 Rd4 21. f4 Nf7 22. Nf3 c5 23. Nxd4 cxd4 24. Re2 Bc6 25. cxd5 Bxd5 26. Rc1 Rd8 27. Rec2 Bc6 28. Bc4 Be4 29. Rd2 Bf5 30. Bd3 Bh3 31. Be4 b5 32. Rc5 a6 33. Rc6 a5 34. Ra6 b4 35. Rxa5 Nh6 36. Ra8 1-0

[Event "Troisdorf op"]
[Site "Troisdorf"]
[Date "2014.10.28"]
[Round "2"]
[White "Friedrich, Johannes"]
[Black "Weber, Olaf"]
[Result "0-1"]
[WhiteElo "1423"]
[BlackElo "1819"]
[PlyCount "68"]
[EventDate "2014.10.21"]
[EventType "swiss"]
[EventRounds "7"]
[EventCountry "GER"]
[SourceTitle "EXT 2016"]
[Source "ChessBase"]
[SourceDate "2015.10.08"]
[SourceVersion "1"]
[SourceVersionDate "2015.10.08"]
[SourceQuality "1"]

1. e4 e6 2. d4 d5 3. Nc3 Bb4 4. e5 c5 5. a3 Bxc3+ 6. bxc3 Ne7 7. Bb5+ Bd7 8. Bxd7+ Nxd7 9. Ne2 0-0 10. Bg5 h6 11. Bxe7 Qxe7 12. 0-0 Rac8 13. Rb1 b6 14. a4 cxd4 15. cxd4 Rc4 16. c3 Rfc8 17. Rb2 Qa3 18. Qa1 Rxa4 19. Qxa3 Rxa3 20. f4 Rc4 21. Rfb1 Nb8 22. Rb3 Rxb3 23. Rxb3 Nc6 24. Rb5 Na5 25. f5 Ra4 26. fxe6 fxe6 27. Rb1 Nc4 28. Rf1 Nd2 29. Rd1 Ne4 30. g3 Ra2 31. Kf1 Rxe2 32. Kxe2 Nxc3+ 33. Kd2 Nxd1 34. Kxd1 Kf7 0-1

[Event "Mittelrhein Verbandsliga Ost 1314"]
[Site "Mittelrhein"]
[Date "2014.03.09"]
[Round "8.8"]
[White "Preiss, Wolfgang"]
[Black "Weber, Olaf"]
[Result "1/2-1/2"]
[WhiteElo "1719"]
[BlackElo "1819"]
[PlyCount "51"]
[EventDate "2013.09.15"]
[EventType "team-tourn"]
[EventRounds "11"]
[EventCountry "GER"]
[SourceTitle "EXT 2023"]
[Source "ChessBase"]
[SourceDate "2022.10.05"]
[SourceVersion "1"]
[SourceVersionDate "2022.10.05"]
[SourceQuality "1"]
[WhiteTeam "Bergische SF II"]
[BlackTeam "Lohmar"]
[WhiteTeamCountry "GER"]
[BlackTeamCountry "GER"]

1. c4 Nf6 2. d4 g6 3. g3 Bg7 4. Bg2 0-0 5. Nf3 d6 6. 0-0 Nc6 7. a3 e5 8. dxe5 Nxe5 9. Nxe5 dxe5 10. Qb3 c6 11. Be3 Qc7 12. Nd2 Be6 13. Rad1 h6 14. Qc2 b6 15. Ne4 Nxe4 16. Qxe4 Qe7 17. Qc2 Rac8 18. Bc1 f5 19. b4 e4 20. Bf4 Qf7 21. Rc1 Rfd8 22. c5 Bb3 23. Qb1 Ba2 24. Qc2 Bb3 25. Qb1 Ba2 26. Qc2 1/2-1/2

[Event "Troisdorf op"]
[Site "Troisdorf"]
[Date "2013.12.03"]
[Round "7"]
[White "Weber, Olaf"]
[Black "Hiendl, David"]
[Result "1/2-1/2"]
[WhiteElo "1835"]
[BlackElo "1590"]
[PlyCount "66"]
[EventDate "2013.10.22"]
[EventType "swiss"]
[EventRounds "7"]
[EventCountry "GER"]
[SourceTitle "EXT 2016"]
[Source "ChessBase"]
[SourceDate "2015.10.08"]
[SourceVersion "1"]
[SourceVersionDate "2015.10.08"]
[SourceQuality "1"]

1. d4 d5 2. c4 Nf6 3. Nf3 e6 4. g3 c5 5. dxc5 Bxc5 6. Bg2 Qb6 7. 0-0 dxc4 8. Nc3 Nc6 9. Qa4 Bd7 10. Qxc4 Na5 11. Qh4 Be7 12. Ne5 Rc8 13. Nxd7 Nxd7 14. Qa4 Rc4 15. Qb5 Bf6 16. Be3 Bd4 17. Bxd4 Rxd4 18. Rfd1 Rxd1+ 19. Rxd1 Qxb5 20. Nxb5 a6 21. Nd6+ Ke7 22. Nxb7 Nxb7 23. Bxb7 Rb8 24. Bxa6 Rxb2 25. a4 Nc5 26. Bb5 Ra2 27. Rd4 f6 28. Rg4 g5 29. Rd4 h6 30. h4 e5 31. Rd5 Nxa4 32. Rd7+ Kf8 33. Rh7 Nc3 1/2-1/2

[Event "Troisdorf op"]
[Site "Troisdorf"]
[Date "2013.11.26"]
[Round "6"]
[White "Friedrich, Johannes"]
[Black "Weber, Olaf"]
[Result "1/2-1/2"]
[WhiteElo "1442"]
[BlackElo "1835"]
[PlyCount "51"]
[EventDate "2013.10.22"]
[EventType "swiss"]
[EventRounds "7"]
[EventCountry "GER"]
[SourceTitle "EXT 2016"]
[Source "ChessBase"]
[SourceDate "2015.10.08"]
[SourceVersion "1"]
[SourceVersionDate "2015.10.08"]
[SourceQuality "1"]

1. e4 c5 2. Nf3 d6 3. d4 cxd4 4. Nxd4 Nf6 5. Nc3 a6 6. Be3 e5 7. Nb3 Be6 8. Bd3 Be7 9. 0-0 0-0 10. f4 exf4 11. Bxf4 Nc6 12. h3 b5 13. a3 Ne5 14. Bxe5 dxe5 15. Qf3 Qb6+ 16. Kh1 Rad8 17. Rad1 Rxd3 18. Rxd3 Bc4 19. Nd5 Nxd5 20. Rxd5 Bxd5 21. exd5 Bd6 22. Qc3 Qb7 23. Rd1 Rc8 24. Na5 Qc7 25. Qxc7 Rxc7 26. Nc6 1/2-1/2

[Event "Troisdorf op"]
[Site "Troisdorf"]
[Date "2013.11.12"]
[Round "4"]
[White "Weber, Olaf"]
[Black "Kinnert, Dieter"]
[Result "1/2-1/2"]
[WhiteElo "1835"]
[BlackElo "1727"]
[PlyCount "33"]
[EventDate "2013.10.22"]
[EventType "swiss"]
[EventRounds "7"]
[EventCountry "GER"]
[SourceTitle "EXT 2016"]
[Source "ChessBase"]
[SourceDate "2015.10.08"]
[SourceVersion "1"]
[SourceVersionDate "2015.10.08"]
[SourceQuality "1"]

1. d4 d5 2. c4 e5 3. dxe5 d4 4. Nf3 Nc6 5. a3 Bg4 6. Nbd2 Qe7 7. h3 Bh5 8. Qa4 0-0-0 9. b4 Kb8 10. Bb2 Nxe5 11. Nxe5 Qxe5 12. Nb3 Qe4 13. Bxd4 c5 14. Be3 f5 15. Nxc5 Bxc5 16. Bxc5 b6 17. Rd1 1/2-1/2

[Event "Troisdorf op"]
[Site "Troisdorf"]
[Date "2013.10.22"]
[Round "1"]
[White "Quaegwer, Gerhard"]
[Black "Weber, Olaf"]
[Result "0-1"]
[WhiteElo "1404"]
[BlackElo "1835"]
[PlyCount "122"]
[EventDate "2013.10.22"]
[EventType "swiss"]
[EventRounds "7"]
[EventCountry "GER"]
[SourceTitle "EXT 2016"]
[Source "ChessBase"]
[SourceDate "2015.10.08"]
[SourceVersion "1"]
[SourceVersionDate "2015.10.08"]
[SourceQuality "1"]

1. d4 Nf6 2. c4 g6 3. Nc3 Bg7 4. Nf3 0-0 5. e3 d6 6. Be2 Nbd7 7. 0-0 c6 8. Qc2 e5 9. dxe5 dxe5 10. e4 h6 11. h3 Re8 12. Be3 Qc7 13. b4 Nf8 14. c5 Ne6 15. Rad1 Nh5 16. Bc4 Nef4 17. Kh2 Be6 18. Ne2 Nf6 19. Rfe1 Nh7 20. Bxe6 Nxe6 21. Rd2 Rad8 22. Kh1 Rxd2 23. Nxd2 Nd4 24. Qc1 a5 25. a3 axb4 26. axb4 b5 27. cxb6 Qxb6 28. Qc5 Qxc5 29. bxc5 Nc2 30. Rb1 Nxe3 31. fxe3 Bf8 32. Rb6 Bxc5 33. Rxc6 Bxe3 34. Nf3 Ng5 35. Nxg5 Bxg5 36. g3 Rd8 37. Rc2 Be3 38. Kg2 Rd3 39. Ra2 Rd1 40. Rc2 Rd3 41. Ra2 Kg7 42. g4 Bd2 43. Rc2 Be1 44. Rc5 Kf6 45. Rc6+ Kg5 46. Rc5 Kf6 47. Rc1 Bh4 48. Rf1+ Ke7 49. Ra1 Re3 50. Ra2 Rxe4 51. Nc3 Rd4 52. Ra5 Ke6 53. Ra6+ Rd6 54. Ra5 Be1 55. Ra3 Bxc3 56. Rxc3 Rd4 57. Rf3 Rf4 58. Rxf4 exf4 59. Kf3 Ke5 60. h4 g5 61. hxg5 hxg5 0-1

[Event "Troisdorf op"]
[Site "Troisdorf"]
[Date "2012.11.20"]
[Round "5"]
[White "Weber, Olaf"]
[Black "Raupach, Gregor"]
[Result "0-1"]
[WhiteElo "1845"]
[BlackElo "2026"]
[PlyCount "88"]
[EventDate "2012.10.23"]
[EventType "swiss"]
[EventRounds "7"]
[EventCountry "GER"]
[SourceTitle "EXT 2014"]
[Source "ChessBase"]
[SourceDate "2013.11.20"]
[SourceVersion "1"]
[SourceVersionDate "2013.11.20"]
[SourceQuality "1"]

1. d4 Nf6 2. Nf3 e6 3. c4 d5 4. g3 Ne4 5. cxd5 exd5 6. Bg2 Nd7 7. 0-0 c6 8. Nc3 Ndf6 9. Nd2 Nd6 10. Nf3 Be7 11. Ne5 Bf5 12. f3 0-0 13. Qb3 a5 14. Be3 Ra6 15. Na4 Nc4 16. Nxc4 dxc4 17. Qd1 Re8 18. Bf2 b5 19. Nc3 Qd7 20. e4 Bh3 21. Ne2 Bxg2 22. Kxg2 Bd8 23. h4 Qe7 24. Nf4 Bc7 25. e5 Nd5 26. Nxd5 cxd5 27. f4 b4 28. Qf3 Qd7 29. f5 Bd8 30. g4 Be7 31. g5 a4 32. f6 Bf8 33. h5 a3 34. b3 cxb3 35. axb3 Rc8 36. Be1 Rc2+ 37. Kg1 Rac6 38. fxg7 Kxg7 39. Rf2 Qe6 40. Rxc2 Rxc2 41. Bg3 Rc3 42. Qf4 Qh3 43. Qf6+ Kg8 44. Be1 Rf3 0-1

[Event "Troisdorf op "]
[Site "Troisdorf"]
[Date "2010.12.07"]
[Round "7"]
[White "Bigott, Martin"]
[Black "Weber, Olaf"]
[Result "1-0"]
[WhiteElo "1780"]
[BlackElo "1804"]
[PlyCount "121"]
[EventDate "2010.10.26"]
[EventType "swiss"]
[EventRounds "7"]
[EventCountry "GER"]
[SourceTitle "EXT 2013"]
[Source "ChessBase"]
[SourceDate "2012.11.22"]
[SourceVersion "1"]
[SourceVersionDate "2012.11.22"]
[SourceQuality "1"]

1. e4 c5 2. Nf3 e6 3. d4 cxd4 4. Nxd4 Nf6 5. Nc3 Bb4 6. Bd3 Bxc3+ 7. bxc3 d6 8. Bg5 0-0 9. 0-0 e5 10. Ne2 h6 11. Bd2 Nbd7 12. c4 Nc5 13. Nc3 Be6 14. Qe2 Rc8 15. Nd5 Bxd5 16. cxd5 Qe7 17. f3 Nxd3 18. Qxd3 Qc7 19. Rfc1 Qc4 20. Qxc4 Rxc4 21. Rab1 b6 22. Bb4 Rd8 23. a4 Kf8 24. a5 Ke7 25. axb6 axb6 26. c3 Nd7 27. Ra1 Rdc8 28. Rcb1 R8c7 29. Ra6 Rb7 30. Rba1 Rcc7 31. Ra8 Nc5 32. Rg8 g6 33. Raa8 Ra7 34. Rge8+ Kf6 35. Rad8 Rd7 36. Rxd7 Rxd7 37. Rb8 Rb7 38. Rh8 h5 39. h4 Ra7 40. Rb8 Rb7 41. Rc8 Ke7 42. Rc6 Kd7 43. Kf1 f5 44. exf5 gxf5 45. Ke2 Rb8 46. g3 e4 47. Ke3 Rg8 48. fxe4 Rxg3+ 49. Kf4 Rg4+ 50. Kxf5 Nxe4 51. Rxb6 Rxh4 52. Rb7+ Kc8 53. Rh7 Ng3+ 54. Ke6 Rg4 55. Kxd6 Ne4+ 56. Kc6 Rg6+ 57. d6 Nf6 58. Rh8+ Ng8 59. Rxh5 Ne7+ 60. Kb5 Ng8 61. Rh7 1-0

[Event "Troisdorf op "]
[Site "Troisdorf"]
[Date "2010.11.26"]
[Round "6"]
[White "Weber, Olaf"]
[Black "Witte, Volker"]
[Result "1-0"]
[WhiteElo "1804"]
[BlackElo "1672"]
[PlyCount "47"]
[EventDate "2010.10.26"]
[EventType "swiss"]
[EventRounds "7"]
[EventCountry "GER"]
[SourceTitle "EXT 2013"]
[Source "ChessBase"]
[SourceDate "2012.11.22"]
[SourceVersion "1"]
[SourceVersionDate "2012.11.22"]
[SourceQuality "1"]

1. d4 Nf6 2. Nf3 g6 3. c4 Bg7 4. Nc3 d6 5. g3 0-0 6. Bg2 Nbd7 7. 0-0 c5 8. b3 a6 9. Bb2 Rb8 10. dxc5 Nxc5 11. Nd4 Qc7 12. Qc2 Bd7 13. Rac1 Rfc8 14. Rfd1 e5 15. Nf3 Bf5 16. Qd2 Nfe4 17. Nxe4 Nxe4 18. Qd5 Qb6 19. c5 dxc5 20. Nxe5 Bxe5 21. Qxe5 f6 22. Qd5+ Kg7 23. Bxe4 Be6 24. Qd6 1-0

[Event "Troisdorf op "]
[Site "Troisdorf"]
[Date "2010.11.02"]
[Round "2"]
[White "Weber, Olaf"]
[Black "Karwatzki, Hans Juergen"]
[Result "1-0"]
[WhiteElo "1804"]
[BlackElo "1596"]
[PlyCount "55"]
[EventDate "2010.10.26"]
[EventType "swiss"]
[EventRounds "7"]
[EventCountry "GER"]
[SourceTitle "EXT 2013"]
[Source "ChessBase"]
[SourceDate "2012.11.22"]
[SourceVersion "1"]
[SourceVersionDate "2012.11.22"]
[SourceQuality "1"]

1. d4 Nf6 2. Nf3 d5 3. c4 e6 4. Nc3 c5 5. e3 Nc6 6. cxd5 exd5 7. Be2 Be7 8. 0-0 0-0 9. b3 a6 10. Bb2 Bg4 11. dxc5 Bxc5 12. Na4 Be7 13. Rc1 Rc8 14. h3 Be6 15. Nd4 Ne4 16. Nxc6 bxc6 17. Bxa6 Rc7 18. Bd3 f5 19. Bxe4 fxe4 20. Nc5 Bxc5 21. Rxc5 Rf3 22. Be5 Rcf7 23. Rxc6 Bxh3 24. Rd6 Qg5 25. Bg3 Be6 26. Rxe6 h5 27. Re5 R3f5 28. Qxd5 1-0

[Event "Troisdorf op "]
[Site "Troisdorf"]
[Date "2010.10.26"]
[Round "1"]
[White "Hiendl, David"]
[Black "Weber, Olaf"]
[Result "1/2-1/2"]
[WhiteElo "1500"]
[BlackElo "1804"]
[PlyCount "63"]
[EventDate "2010.10.26"]
[EventType "swiss"]
[EventRounds "7"]
[EventCountry "GER"]
[SourceTitle "EXT 2013"]
[Source "ChessBase"]
[SourceDate "2012.11.22"]
[SourceVersion "1"]
[SourceVersionDate "2012.11.22"]
[SourceQuality "1"]

1. e4 c5 2. Nf3 d6 3. d4 cxd4 4. Nxd4 Nf6 5. Nc3 a6 6. Bd3 g6 7. 0-0 Bg7 8. Nb3 0-0 9. h3 b5 10. a3 Bb7 11. Qe2 Nbd7 12. Bg5 h6 13. Bxf6 Nxf6 14. Rfe1 Nh5 15. Nd1 Qb6 16. c3 Nf4 17. Qf3 Nxd3 18. Qxd3 Rac8 19. Ne3 e6 20. Rad1 Rfd8 21. Kf1 d5 22. exd5 Bxd5 23. Nxd5 Rxd5 24. Qf3 Rf5 25. Qe3 Qc7 26. Kg1 e5 27. Qe4 Qb6 28. Qe3 Qc6 29. Qe4 Qf6 30. Qb7 Rc4 31. f3 h5 32. Nd2 1/2-1/2

[Event "Troisdorf op"]
[Site "Troisdorf"]
[Date "2009.12.01"]
[Round "6"]
[White "Lorenz, Steffen"]
[Black "Weber, Olaf"]
[Result "1/2-1/2"]
[WhiteElo "1882"]
[BlackElo "1772"]
[PlyCount "64"]
[EventDate "2009.10.27"]
[EventType "swiss"]
[EventRounds "7"]
[EventCountry "GER"]
[SourceTitle "EXT 2011"]
[Source "ChessBase"]
[SourceDate "2010.11.26"]
[SourceVersion "1"]
[SourceVersionDate "2010.11.26"]
[SourceQuality "1"]

1. e4 c5 2. Nf3 e6 3. d4 cxd4 4. Nxd4 Nf6 5. Nc3 Bb4 6. e5 Nd5 7. Qg4 0-0 8. Bh6 g6 9. Bxf8 Qxf8 10. Qg3 Qc5 11. Nde2 Nc6 12. 0-0-0 Nxc3 13. Nxc3 Qxe5 14. Qxe5 Nxe5 15. Ne4 d5 16. Nf6+ Kg7 17. Ne8+ Kf8 18. Nc7 Rb8 19. Nb5 a6 20. Nc3 Ng4 21. Rd2 Bc5 22. Nd1 b5 23. h3 Nf6 24. Bd3 e5 25. Re1 Bd6 26. Bf1 Be6 27. g3 d4 28. f4 Bb4 29. Rxe5 Bxd2+ 30. Kxd2 Nh5 31. g4 Nxf4 32. Re4 Nd5 1/2-1/2

[Event "Troisdorf op"]
[Site "Troisdorf"]
[Date "2009.11.24"]
[Round "5"]
[White "Weber, Olaf"]
[Black "Schwarz, Andreas"]
[Result "1/2-1/2"]
[WhiteElo "1772"]
[BlackElo "1978"]
[PlyCount "39"]
[EventDate "2009.10.27"]
[EventType "swiss"]
[EventRounds "7"]
[EventCountry "GER"]
[SourceTitle "EXT 2011"]
[Source "ChessBase"]
[SourceDate "2010.11.26"]
[SourceVersion "1"]
[SourceVersionDate "2010.11.26"]
[SourceQuality "1"]

1. d4 Nf6 2. Nf3 g6 3. c4 Bg7 4. Nc3 d5 5. cxd5 Nxd5 6. e4 Nxc3 7. bxc3 0-0 8. Rb1 c5 9. Be2 cxd4 10. cxd4 Qa5+ 11. Qd2 Qxd2+ 12. Bxd2 b6 13. 0-0 e6 14. Rfc1 Bb7 15. e5 Nc6 16. Bb5 Rfc8 17. Rc2 Ne7 18. Rbc1 Rxc2 19. Rxc2 Rc8 20. Rxc8+ 1/2-1/2